تحميل...

Russel on crime

التفاصيل البيبلوغرافية
المؤلف الرئيسي: Turner,Cecil J W
التنسيق: Printed Book
اللغة:English
منشور في: London Stevens and sons 1964
الطبعة:12th ed.
الموضوعات:
LEADER 00518nam a22001697a 4500
003 OSt
008 091005t xxu||||| |||| 00| 0 eng d
080 |a 343.9  |b TUR'64.1 
100 |a Turner,Cecil J W  |9 5836 
245 |a Russel on crime 
250 |a 12th ed. 
260 |a London  |b Stevens and sons  |c 1964 
300 |a 810p. 
653 |a Criminal law 
942 |c BK  |6 _ 
999 |c 189756  |d 189756 
952 |0 0  |1 0  |4 0  |6 3439_TUR641  |7 0  |9 244809  |a SLS  |b SLS  |d 2009-10-05  |l 2  |o 343.9 tur' 64.1  |p SLS002548  |r 2020-01-20  |s 2019-11-22  |t 1  |w 2009-10-05  |y BK